Revitalizácia jazdeckého areálu

Gespeichert in:
Bibliographische Detailangaben
1. Verfasser: Juríčková, Miriam (Verfasst von)
Weitere Verfasser: Majorošová, Martina (Betreuung Doktorarbeit)
Format: Manuskript Buch
Sprache:Slowakisch
Veröffentlicht: 2023
Schlagworte:
Online-Zugang:http://is.stuba.sk/zp/portal_zp.pl?podrobnosti=164477
https://opac.crzp.sk/?fn=detailBiblioForm&sid=0A15AC6E5E2ED0F3D5D7CC342BCF
Tags: Tag hinzufügen
Keine Tags, Fügen Sie das erste Tag hinzu!

MARC

LEADER 00000ntm a22000003a 4500
001 stuzp93978
003 SK-STU
005 20230918155047.9
007 ta
008 150427s2015----xo-----f-mn---000-0-slo-d
040 |a STU  |b slo 
041 0 |a slo 
100 1 |a Juríčková, Miriam  |u 010160  |4 aut  |U SvF Stavebná fakulta  |T SvF Katedra vodného hospodárstva krajiny  |X 111966  |U V160  |Y 16  |7 111966 
242 0 1 |a Revitalization of the Equestrian center  |y eng 
245 1 0 |a Revitalizácia jazdeckého areálu 
260 |c 2023 
650 4 |a revitalizácia  |2 slo 
650 4 |a jazdecký areál  |2 slo 
650 4 |a krajinná architektúra  |2 slo 
650 4 |a parkúrové skákanie  |2 slo 
650 4 |a drezúra  |2 slo 
650 4 |a výbehy pre kone  |2 slo 
650 4 |a športové podujatia  |2 slo 
650 4 |a prírodné prostredie  |2 slo 
650 4 |a revitalization  |2 eng 
650 4 |a horse riding center  |2 eng 
650 4 |a landscape architecture  |2 eng 
650 4 |a schow jumping  |2 eng 
650 4 |a dressage  |2 eng 
650 4 |a field  |2 eng 
650 4 |a pasture  |2 eng 
650 4 |a sport events  |2 eng 
650 4 |a natural environment  |2 eng 
700 1 |a Majorošová, Martina  |u 010160  |k Z1  |4 ths  |U SvF Stavebná fakulta  |T SvF Katedra vodného hospodárstva krajiny  |X 68887  |U V160  |Y 16  |7 A000068887 
856 4 |u http://is.stuba.sk/zp/portal_zp.pl?podrobnosti=164477 
856 4 |u https://opac.crzp.sk/?fn=detailBiblioForm&sid=0A15AC6E5E2ED0F3D5D7CC342BCF